Induction coil : theory and applications /

Bibliographic Details
Main Author: Jones, Edward Taylor, 1872-
Format: Book
Language:English
Published: London : Pitman, 1932.
Series:Specialists' series.
Subjects:

MARC

Tag First Indicator Second Indicator Subfields
LEADER 00000cam a2200000 4500
001 in00000039769
005 20151007064546.0
008 771123s1932 enka 00110 eng
010 |a  33005599  
035 |a (OCoLC)03441377 
035 |9 AAE0110AM 
040 |a DLC  |c GAT  |d TXA  |d UtOrBLW 
049 |a TXAM  |c [68361] 
050 0 0 |a QC645  |b .J61 
082 0 |a 537.51 
092 |a 537.51  |b J76i 
100 1 |a Jones, Edward Taylor,  |d 1872- 
245 1 0 |a Induction coil :  |b theory and applications /  |c by E. Taylor Jones. 
264 1 |a London :  |b Pitman,  |c 1932. 
300 |a viii, 244 pages :  |b illustrations, diagrams ;  |c 22 cm. 
336 |a text  |b txt  |2 rdacontent 
337 |a unmediated  |b n  |2 rdamedia 
338 |a volume  |b nc  |2 rdacarrier 
490 1 |a Specialists' series 
650 0 |a Induction coils. 
830 0 |a Specialists' series. 
999 |a MARS 
999 f f |s 2bcf0fbe-1cff-3658-8aab-cd012f0d9d10  |i 17b5203c-e7f1-3f3a-9893-217050727ecd  |t 0 
952 f f |p normal  |a Texas A&M University  |b College Station  |c Sterling C. Evans Library  |d Evans: Library Stacks  |t 0  |e QC645 .J61  |h Library of Congress classification  |i unmediated -- volume  |m A14800923742 
998 f f |a QC645 .J61  |t 0  |l Evans: Library Stacks